000 00415cam a2200181ua 4500
001 3993
008 191122n1988 II |||gr||||Z||||||asm
040 _aMAIN
041 _aEnglish
041 _aasm
082 _a373 DAS
100 _aDAS, LAKHYAHIRA
245 _aUCHATTAR MADHYAMIK SHIKSA
260 _aGUWAHATI
_bSANGAM PRAKASH
_c1988
300 _a137.:
_c20CM.
653 _aSecondary education
942 _cBK
999 _c3980
_d3980